000 00857nam a2200241Ia 4500
003 OSt
005 20220923213253.0
006 a|||||r|||| 00| 0
007 ta
008 220922b |||||||| |||| 00| 0 hin d
024 _a160,310
037 _cTextual
040 _aARTS
_cARTS
_bhin
041 _2hin
_ahin
082 _aO152,1:gN, K2
100 _aउपाघ्याय, विश्वम्भरनाथ
_9156298
245 0 _aआघुनिक हिन्दी कविता
_b सिद्धान्त और समीक्षा
246 _aĀghunik hindī kavitā: siddhānta aur samīkṣhā
260 _c1962
650 _aहिन्दी साहित्य
_9156264
942 _hO152,1:gN, K2
_cTEXL
_2CC
999 _c315057
_d315057